000 00765nam a2200241Ia 4500
001 dia_2009
003 CHAP
005 20230614101851.0
008 220117s1962 xx 000 0 und d
010 _a172547
040 _cCHAP
082 _a634.6 C42
100 _aChandler, William Henry
_921834
245 _aFrutales de Hoja Perenne /
_c por William Henry Chandler, traducido al Español por José Luis de la Loma
250 _a2
260 _aMéxico :
_b UTEHA,
_c1962
300 _a666 p.
600 _a1.Fruticultura/ 2. Frutos cítricos/ 3.Frutos tropicales. i.t. II. Loma, José Luis de la, trad.
_9152053
901 _a634.6 C42
902 _aM
905 _a0000001962 MX X 0000000000SPA00
942 _cLIBRO
_2ddc
999 _c172547
_d172547